[Event "SRB-chT2 East"]
[Site "Serbia"]
[Date "2018.09.08"]
[Round "2.5"]
[White "Krstic, Ranko"]
[Black "Bulatovic, Nikola"]
[Result "1/2-1/2"]
[WhiteElo "2176"]
[BlackElo "2047"]
[PlyCount "71"]
[EventDate "2018.09.07"]
[EventType "team-tourn"]
[EventRounds "11"]
[EventCountry "SRB"]
[SourceTitle "EXT 2021"]
[Source "ChessBase"]
[SourceDate "2020.10.23"]
[SourceVersion "1"]
[SourceVersionDate "2020.10.23"]
[SourceQuality "1"]
[WhiteTeam "Leskovac Glubocica"]
[BlackTeam "Surdulica Radnik"]
[WhiteTeamCountry "SRB"]
[BlackTeamCountry "SRB"]

1. c4 e5 2. Nc3 Nc6 3. Nf3 a6 4. e3 Nf6 5. d4 exd4 6. exd4 Bb4 7. Be2 h6 8. 0-0 0-0 9. a3 Bxc3 10. bxc3 Re8 11. Bd3 d5 12. cxd5 Qxd5 13. c4 Qd6 14. h3 Rd8 15. Bb2 Nh7 16. d5 Ng5 17. Nxg5 hxg5 18. Qh5 Qh6 19. Qe2 Na5 20. Rae1 Bd7 21. Qe5 b5 22. cxb5 Bxb5 23. Bxb5 axb5 24. Qxc7 Nc4 25. Bc1 Rxd5 26. Re7 Qf6 27. Rfe1 Rf5 28. Qb7 Rd8 29. Qe4 Rfd5 30. a4 Qf5 31. axb5 Qxe4 32. R7xe4 Nd6 33. Rg4 f6 34. b6 Rb5 35. Be3 Nf5 36. Re4 1/2-1/2

[Event "SRB-chT2 East CS"]
[Site "Kragujevac"]
[Date "2016.10.08"]
[Round "9.5"]
[White "Drasko, Milan"]
[Black "Bulatovic, Nikola"]
[Result "1-0"]
[WhiteElo "2453"]
[BlackElo "2101"]
[PlyCount "37"]
[EventDate "2016.08.26"]
[EventType "team-tourn"]
[EventRounds "11"]
[EventCountry "SRB"]
[SourceTitle "EXT 2021"]
[Source "ChessBase"]
[SourceDate "2020.10.23"]
[SourceVersion "1"]
[SourceVersionDate "2020.10.23"]
[SourceQuality "1"]

1. Nf3 g6 2. g3 Bg7 3. d4 Nf6 4. Bg2 0-0 5. 0-0 d5 6. c4 c6 7. b3 b5 8. cxb5 cxb5 9. Bf4 Nc6 10. Nc3 a6 11. Rc1 Bb7 12. Qd3 Rc8 13. Ne5 e6 14. Qd2 Qb6 15. e3 Nxe5 16. Bxe5 Ne4 17. Nxe4 Bxe5 18. Nc5 Bd6 19. Nd7 1-0

[Event "SRB-chT2 East"]
[Site "Vrnjacka Banja"]
[Date "2015.10.10"]
[Round "9.53"]
[White "Bulatovic, Nikola"]
[Black "Cabarkapa, Novak"]
[Result "0-1"]
[WhiteElo "2078"]
[BlackElo "2377"]
[PlyCount "84"]
[EventDate "2015.08.28"]
[EventType "team-tourn"]
[EventRounds "11"]
[EventCountry "SRB"]
[SourceTitle "EXT 2022"]
[Source "ChessBase"]
[SourceDate "2021.10.06"]
[SourceVersion "1"]
[SourceVersionDate "2021.10.06"]
[SourceQuality "1"]

1. e4 d5 2. exd5 Qxd5 3. Nf3 Bg4 4. Be2 Nc6 5. d4 0-0-0 6. Be3 e5 7. c4 Qa5+ 8. Bd2 Qa6 9. c5 Bxf3 10. gxf3 b5 11. cxb6 Qxb6 12. d5 Nd4 13. Nc3 Bb4 14. Qa4 Nf6 15. a3 Be7 16. Nb5 Nxb5 17. Bxb5 Rxd5 18. Ba6+ Kb8 19. Be3 Bc5 20. Rc1 Bxe3 21. Rc6 Qa5+ 22. Qxa5 Bxf2+ 23. Kxf2 Rxa5 24. Rg1 Ne8 25. Bd3 Rd5 26. Ke2 g6 27. Rg4 Rd4 28. Rxd4 exd4 29. Rc4 Nd6 30. Rxd4 Re8+ 31. Kf2 Re5 32. Rb4+ Kc8 33. Ba6+ Kd7 34. Bd3 Rh5 35. Kg3 Rd5 36. Be2 a5 37. Rb8 h5 38. b4 axb4 39. axb4 Rd2 40. Kf2 Rb2 41. b5 Nf5 42. Ke1 Nd4 0-1

[Event "SRB-chT"]
[Site "Belgrade"]
[Date "2010.10.03"]
[Round "3"]
[White "Bulatovic, Nikola"]
[Black "Orlov, Pavle"]
[Result "1/2-1/2"]
[WhiteElo "2077"]
[BlackElo "2238"]
[PlyCount "59"]
[EventDate "2010.10.01"]
[EventType "team-tourn"]
[EventRounds "11"]
[EventCountry "YUG"]
[SourceTitle "CBM 138 Extra"]
[Source "ChessBase"]
[SourceDate "2010.10.29"]
[SourceVersion "1"]
[SourceVersionDate "2010.10.29"]
[SourceQuality "1"]

1. e4 Nc6 2. Nf3 e5 3. Bc4 Be7 4. d4 d6 5. dxe5 dxe5 6. Qxd8+ Bxd8 7. Be3 Nf6 8. Nc3 0-0 9. Bc5 Re8 10. Ng5 Be6 11. Nxe6 fxe6 12. Bb5 Be7 13. Bxe7 Rxe7 14. Bxc6 bxc6 15. Ke2 Rb8 16. b3 c5 17. f3 c4 18. Nd1 Ne8 19. Ne3 Nd6 20. bxc4 Rb4 21. Rhb1 Ra4 22. c5 Nc4 23. Nf1 Ra5 24. Rb3 Rd7 25. Rc3 Rd4 26. Ke1 Ra3 27. Rb3 Ra6 28. Rc3 Ra3 29. Rb3 Ra6 30. Rc3 1/2-1/2

[Event "Senta op-B 14th"]
[Site "Senta"]
[Date "2010.07.22"]
[Round "7"]
[White "Toth, Kazmer"]
[Black "Bulatovic, Nikola"]
[Result "0-1"]
[WhiteElo "1952"]
[BlackElo "2066"]
[PlyCount "50"]
[EventDate "2010.07.17"]
[EventType "swiss"]
[EventRounds "9"]
[EventCountry "YUG"]
[SourceTitle "EXT 2011"]
[Source "ChessBase"]
[SourceDate "2010.11.26"]
[SourceVersion "1"]
[SourceVersionDate "2010.11.26"]
[SourceQuality "1"]

1. c4 e5 2. Nc3 d6 3. g3 f5 4. Bg2 Nf6 5. d3 Be7 6. e4 Nc6 7. Nge2 0-0 8. Nd5 Be6 9. 0-0 Qd7 10. f4 fxe4 11. dxe4 Bg4 12. Be3 exf4 13. gxf4 Rae8 14. Qd2 Bd8 15. Nec3 Bh3 16. f5 Bxg2 17. Qxg2 Nxd5 18. cxd5 Ne5 19. Ne2 Bf6 20. Bd4 Qe7 21. Rf4 Nd3 22. Rg4 h5 23. Rg6 Bxd4+ 24. Nxd4 Nf4 25. Qg5 Nh3+ 0-1

[Event "Paracin op 3rd"]
[Site "Paracin"]
[Date "2010.07.13"]
[Round "6"]
[White "Bulatovic, Nikola"]
[Black "Doric, Nenad"]
[Result "1/2-1/2"]
[WhiteElo "2066"]
[BlackElo "2322"]
[PlyCount "78"]
[EventDate "2010.07.09"]
[EventType "swiss"]
[EventRounds "9"]
[EventCountry "YUG"]
[SourceTitle "CBM 137 Extra"]
[Source "ChessBase"]
[SourceDate "2010.09.01"]
[SourceVersion "1"]
[SourceVersionDate "2010.09.01"]
[SourceQuality "1"]

1. e4 c5 2. Nf3 d6 3. d4 cxd4 4. Nxd4 Nf6 5. Nc3 Bd7 6. Bg5 e6 7. f4 Nc6 8. Qd2 a6 9. 0-0-0 b5 10. a3 Qb6 11. Be2 b4 12. axb4 Qxb4 13. Bf3 Rb8 14. b3 Na5 15. Nb1 Qc5 16. Qc3 Be7 17. e5 dxe5 18. Qxc5 Bxc5 19. fxe5 Ng8 20. Nc3 h6 21. Bh4 Ne7 22. Ne4 Ba3+ 23. Kb1 Nd5 24. Be1 Nc6 25. Ka2 Nxd4 26. Rxd4 Be7 27. c4 Nf4 28. Bg3 g5 29. Rhd1 Bc8 30. Bxf4 gxf4 31. Nd6+ Bxd6 32. exd6 Kd7 33. c5 Bb7 34. Rxf4 f5 35. Ka3 Bxf3 36. Rxf3 Rb5 37. Rc1 Rc8 38. Rfc3 e5 39. Ka4 Rcb8 1/2-1/2

[Event "SRB-ch U16"]
[Site "Sokobanja"]
[Date "2010.04.11"]
[Round "9"]
[White "Bozilov, Dragan"]
[Black "Bulatovic, Nikola"]
[Result "1-0"]
[WhiteElo "1866"]
[BlackElo "2107"]
[PlyCount "195"]
[EventDate "2010.04.05"]
[EventType "swiss"]
[EventRounds "9"]
[EventCountry "YUG"]
[SourceTitle "CBM 136 Extra"]
[Source "ChessBase"]
[SourceDate "2010.07.02"]
[SourceVersion "2"]
[SourceVersionDate "2010.07.15"]
[SourceQuality "1"]

1. e4 c5 2. Nf3 a6 3. c3 e6 4. d4 d5 5. exd5 exd5 6. Be2 Nc6 7. 0-0 Bd6 8. Re1 Nge7 9. Be3 Qb6 10. dxc5 Bxc5 11. Bxc5 Qxc5 12. Nbd2 0-0 13. Nb3 Qd6 14. Qd2 Bf5 15. Rad1 Rad8 16. Nfd4 Be4 17. Nxc6 Nxc6 18. f3 Bg6 19. Nd4 f6 20. Bf1 Bf7 21. f4 g6 22. Kh1 Rd7 23. Nxc6 Qxc6 24. Qd4 Kg7 25. Re3 Rc8 26. Rde1 Qc5 27. Rd3 b5 28. a3 Rcc7 29. Qxc5 Rxc5 30. Kg1 Rb7 31. Rd4 f5 32. Kf2 Kf6 33. h4 Re7 34. Rxe7 Kxe7 35. g3 Kd6 36. Ke3 Rc7 37. Kd2 Re7 38. Rd3 a5 39. Re3 Rb7 40. b4 axb4 41. axb4 Be6 42. Kc2 Bd7 43. Re5 Rc7 44. Bg2 Bc6 45. Kb3 h6 46. Bh3 Bd7 47. h5 g5 48. Bxf5 gxf4 49. gxf4 Bc8 50. Bg6 Bd7 51. Re1 Rc4 52. Rf1 Ke7 53. Bd3 Rc8 54. Bg6 Kf6 55. Rd1 Be6 56. f5 Bg8 57. Re1 Rd8 58. Re8 Rxe8 59. Bxe8 Bf7 60. Bxf7 Kxf7 61. Kc2 Kf6 62. Kd3 Kxf5 63. Kd4 Kg5 64. Kxd5 Kxh5 65. Kc5 Kg5 66. Kxb5 h5 67. c4 h4 68. c5 h3 69. c6 h2 70. c7 h1Q 71. c8Q Qf1+ 72. Kb6 Qf6+ 73. Qc6 Qd8+ 74. Kc5 Qf8+ 75. Qd6 Qc8+ 76. Kb6 Kg4 77. b5 Qc3 78. Kb7 Qf3+ 79. Qc6 Qf7+ 80. Kb8 Qf4+ 81. Qc7 Qb4 82. b6 Kh5 83. b7 Qf8+ 84. Ka7 Qa3+ 85. Kb6 Qb4+ 86. Kc6 Qc4+ 87. Kd7 Qd5+ 88. Kc8 Qf5+ 89. Qd7 Qf8+ 90. Kc7 Qc5+ 91. Qc6 Qa5+ 92. Kd6 Qd8+ 93. Kc5 Qe7+ 94. Kb6 Qd8+ 95. Ka6 Kh4 96. Qa4+ Kh5 97. Ka7 Qc7 98. Ka8 1-0

[Event "SRB-ch U16"]
[Site "Sokobanja"]
[Date "2010.04.08"]
[Round "5"]
[White "Jovanovic, Bojan P"]
[Black "Bulatovic, Nikola"]
[Result "1-0"]
[WhiteElo "2085"]
[BlackElo "2107"]
[PlyCount "92"]
[EventDate "2010.04.05"]
[EventType "swiss"]
[EventRounds "9"]
[EventCountry "YUG"]
[SourceTitle "CBM 136 Extra"]
[Source "ChessBase"]
[SourceDate "2010.07.02"]
[SourceVersion "2"]
[SourceVersionDate "2010.07.15"]
[SourceQuality "1"]

1. d4 Nf6 2. Nf3 e6 3. Bg5 Be7 4. e3 b6 5. c4 Bb7 6. Be2 0-0 7. Nc3 d6 8. Qc2 Nbd7 9. 0-0 c5 10. Rfd1 a6 11. Rac1 Rc8 12. Nd2 Re8 13. Bd3 Qc7 14. h3 g6 15. a3 Bf8 16. b4 Bg7 17. Nb3 Qb8 18. Bf4 e5 19. dxe5 Nxe5 20. Bf1 cxb4 21. Bxe5 dxe5 22. axb4 Bf8 23. Na2 Nd5 24. Qd2 Nf6 25. Qb2 Ne4 26. Nd2 Ng5 27. Nc3 Qa8 28. Na4 Qa7 29. c5 bxc5 30. Nxc5 Bxc5 31. Rxc5 Rxc5 32. bxc5 Ne6 33. Nb3 Bc6 34. Qa3 Nc7 35. Rd6 Nb5 36. Bxb5 Bxb5 37. Qa5 Qb7 38. Qb6 Qxb6 39. cxb6 Rb8 40. Na5 Kf8 41. b7 Ke7 42. Rd5 Ke6 43. e4 f6 44. f3 Kf7 45. Kf2 Ke8 46. Ke3 Bc6 1-0

[Event "SRB-ch U16"]
[Site "Sokobanja"]
[Date "2010.04.06"]
[Round "2"]
[White "Bulatovic, Nikola"]
[Black "Kiproski, Branislav"]
[Result "1-0"]
[WhiteElo "2107"]
[BlackElo "1832"]
[PlyCount "145"]
[EventDate "2010.04.05"]
[EventType "swiss"]
[EventRounds "9"]
[EventCountry "YUG"]
[SourceTitle "CBM 136 Extra"]
[Source "ChessBase"]
[SourceDate "2010.07.02"]
[SourceVersion "2"]
[SourceVersionDate "2010.07.15"]
[SourceQuality "1"]

1. e4 d6 2. d4 Nf6 3. Nc3 e5 4. Nf3 Nbd7 5. Bc4 Be7 6. 0-0 0-0 7. h3 c6 8. a4 a5 9. Be3 h6 10. Bb3 Nh7 11. Ne2 Ng5 12. Ng3 Nxf3+ 13. Qxf3 Nf6 14. c3 Nh7 15. Rad1 Qc7 16. Nh5 Bh4 17. dxe5 dxe5 18. Bc5 Be7 19. Qg3 g5 20. Bd4 Bd6 21. Be3 Kh8 22. Bc2 Rg8 23. Rd2 Qe7 24. Rfd1 Bc7 25. f3 b6 26. Qf2 Rb8 27. Ng3 Nf6 28. Bb3 Ne8 29. Nf5 Bxf5 30. exf5 Nf6 31. h4 Rg7 32. hxg5 hxg5 33. g4 c5 34. Kg2 e4 35. Rh1+ Nh7 36. fxe4 Qxe4+ 37. Qf3 Qxf3+ 38. Kxf3 Kg8 39. Rd7 Be5 40. Bxf7+ Kf8 41. Be6 Rb7 42. Rhd1 Rgxd7 43. Rxd7 Rxd7 44. Bxd7 Ke7 45. Bb5 Kd6 46. Bc4 Bf6 47. Ke4 Bd8 48. Bf2 Nf6+ 49. Kf3 Nd7 50. Bg3+ Ne5+ 51. Ke4 Bf6 52. Ba2 Bg7 53. Bb1 Bh8 54. Bc2 Bf6 55. b3 Bh8 56. c4 Bf6 57. Bd3 Bh8 58. Bf1 Bf6 59. Be2 Bh8 60. f6 Bxf6 61. Kf5 Bh8 62. Kxg5 Ke6 63. Kh5 Nd7 64. g5 Be5 65. Bg4+ Kd6 66. Bh4 Nf8 67. Kh6 Bc3 68. g6 Nxg6 69. Kxg6 Kc7 70. Bf6 Be1 71. Be5+ Kb7 72. Kf6 Bh4+ 73. Ke6 1-0

[Event "SRB-ch U16"]
[Site "Sokobanja"]
[Date "2010.04.06"]
[Round "3"]
[White "Jocev, Milan"]
[Black "Bulatovic, Nikola"]
[Result "1-0"]
[WhiteElo "2022"]
[BlackElo "2107"]
[PlyCount "133"]
[EventDate "2010.04.05"]
[EventType "swiss"]
[EventRounds "9"]
[EventCountry "YUG"]
[SourceTitle "CBM 136 Extra"]
[Source "ChessBase"]
[SourceDate "2010.07.02"]
[SourceVersion "2"]
[SourceVersionDate "2010.07.15"]
[SourceQuality "1"]

1. e4 c5 2. Nf3 e6 3. Nc3 a6 4. d3 b5 5. g3 Bb7 6. Bg2 Be7 7. 0-0 d6 8. Ne1 Nd7 9. f4 Rc8 10. Qe2 Qc7 11. Be3 Ngf6 12. Kh1 b4 13. Nd1 c4 14. Nf2 cxd3 15. cxd3 Qb8 16. g4 h6 17. h3 e5 18. Nf3 Nc5 19. Rac1 Nfd7 20. Bxc5 dxc5 21. f5 a5 22. Nd1 Ba6 23. Ne3 Bg5 24. Nxg5 hxg5 25. Nd5 Qd6 26. Rfd1 Nf6 27. Nxf6+ gxf6 28. Qc2 Ke7 29. Rd2 Bb5 30. a4 Ba6 31. b3 Qd4 32. Qd1 Rhd8 33. Qf3 Kd6 34. Bf1 Kc6 35. Kg2 Rd6 36. Rcc2 Rcd8 37. Be2 Kb6 38. Kh2 R6d7 39. Kg2 Qd6 40. Qe3 Qe7 41. Rd1 Rd4 42. Rdc1 Bxd3 43. Rxc5 Bxe4+ 44. Kf2 Qxc5 45. Rxc5 Kxc5 46. Qc1+ Kb6 47. h4 gxh4 48. Qh6 R8d6 49. Qxh4 Bxf5 50. Qh8 Bxg4 51. Bxg4 Rxg4 52. Qb8+ Kc6 53. Qc8+ Kd5 54. Qxg4 Rc6 55. Qd7+ Rd6 56. Qxf7+ Ke4 57. Qg6+ Kd4 58. Qc2 e4 59. Qb2+ Kd5 60. Ke3 f5 61. Qd4+ Ke6 62. Qc4+ Ke5 63. Qc5+ Ke6 64. Kf4 Rd5 65. Qc6+ Rd6 66. Qe8+ Kd5 67. Qb5+ 1-0

[Event "Belgrade Spring op"]
[Site "Belgrade"]
[Date "2010.03.23"]
[Round "1"]
[White "Korbovljanovic, Natasa"]
[Black "Bulatovic, Nikola"]
[Result "0-1"]
[WhiteElo "1766"]
[BlackElo "2107"]
[PlyCount "76"]
[EventDate "2010.03.23"]
[EventType "swiss"]
[EventRounds "9"]
[EventCountry "YUG"]
[SourceTitle "CBM 135 Extra"]
[Source "ChessBase"]
[SourceDate "2010.05.04"]
[SourceVersion "1"]
[SourceVersionDate "2010.05.04"]
[SourceQuality "1"]

1. e4 c5 2. Nf3 a6 3. d4 cxd4 4. Nxd4 Nf6 5. Nc3 e5 6. Nb3 Bb4 7. Bd3 d6 8. Bd2 Nbd7 9. 0-0 b6 10. a3 Bxc3 11. Bxc3 Qc7 12. Qe2 0-0 13. Rad1 Bb7 14. f3 Rfe8 15. Qf2 Rac8 16. Bd2 d5 17. exd5 Nxd5 18. Qh4 N5f6 19. Bg5 h6 20. Be3 b5 21. Bf5 Rcd8 22. Bxd7 Nxd7 23. c3 a5 24. Rd2 a4 25. Nc1 Nb6 26. Rxd8 Rxd8 27. Bxb6 Qxb6+ 28. Qf2 Qxf2+ 29. Rxf2 f5 30. Rc2 f4 31. Kf2 Kf7 32. Ke2 e4 33. Kf2 e3+ 34. Ke1 Bd5 35. Ne2 Bb3 36. Rc1 Rd2 37. Nxf4 g5 38. Ne2 Bc4 0-1

[Event "Belgrade op"]
[Site "Belgrade"]
[Date "2009.12.01"]
[Round "8"]
[White "Bulatovic, Nikola"]
[Black "Vujacic, Borivoje"]
[Result "1/2-1/2"]
[WhiteElo "2111"]
[BlackElo "2315"]
[PlyCount "98"]
[EventDate "2009.11.24"]
[EventType "swiss"]
[EventRounds "9"]
[EventCountry "YUG"]
[SourceTitle "CBM 133 Extra"]
[Source "ChessBase"]
[SourceDate "2010.01.05"]
[SourceVersion "1"]
[SourceVersionDate "2010.01.05"]
[SourceQuality "1"]

1. e4 c5 2. Nf3 d6 3. d4 cxd4 4. Nxd4 Nf6 5. Nc3 a6 6. Bg5 e6 7. f4 Qb6 8. Qd3 Nbd7 9. 0-0-0 Be7 10. Be2 h6 11. Bh4 Nc5 12. Qe3 Ng4 13. Qg3 Bxh4 14. Qxh4 Nf6 15. e5 Nfe4 16. Nxe4 Nxe4 17. Bf3 dxe5 18. Bxe4 exd4 19. Rd3 e5 20. fxe5 Be6 21. Rxd4 0-0 22. Rb4 Qe3+ 23. Kb1 Rad8 24. Qe1 Qc5 25. Bd3 b5 26. Rh4 Rfe8 27. Qg3 Kf8 28. Re1 a5 29. Qe3 Qxe3 30. Rxe3 Rd5 31. a4 b4 32. c4 Rxd3 33. Rxd3 Bf5 34. Rhd4 Rxe5 35. Kc1 Bxd3 36. Rxd3 Ke7 37. Kd2 Rg5 38. g3 Rc5 39. b3 g5 40. g4 f5 41. gxf5 Rxf5 42. Ke3 g4 43. Kd4 h5 44. Ke4 Rf2 45. h3 Rc2 46. hxg4 hxg4 47. Kf4 Rc3 48. Rg3 Kd6 49. Kxg4 Ke5 1/2-1/2

[Event "Belgrade op"]
[Site "Belgrade"]
[Date "2009.11.27"]
[Round "4"]
[White "Bulatovic, Nikola"]
[Black "Ilic, Zoran B"]
[Result "0-1"]
[WhiteElo "2111"]
[BlackElo "2204"]
[PlyCount "102"]
[EventDate "2009.11.24"]
[EventType "swiss"]
[EventRounds "9"]
[EventCountry "YUG"]
[SourceTitle "CBM 133 Extra"]
[Source "ChessBase"]
[SourceDate "2010.01.05"]
[SourceVersion "1"]
[SourceVersionDate "2010.01.05"]
[SourceQuality "1"]

1. e4 c5 2. Nf3 d6 3. d4 cxd4 4. Nxd4 Nf6 5. Nc3 a6 6. Bg5 e6 7. f4 Nc6 8. Nb3 h6 9. Bxf6 Qxf6 10. Qf3 g5 11. f5 b5 12. Be2 Bb7 13. 0-0 0-0-0 14. Qe3 Qe7 15. f6 Qc7 16. a3 d5 17. exd5 exd5 18. Rad1 d4 19. Qh3+ Kb8 20. Ne4 Ne5 21. Bd3 g4 22. Qh5 Nc4 23. Rb1 Ne3 24. Rfe1 Qf4 25. Nbd2 Nxg2 26. Rf1 Qe3+ 27. Kxg2 Qxd2+ 28. Rf2 Qe3 29. Qxg4 Bxa3 30. Qf4+ Qxf4 31. Rxf4 Bd6 32. Rg4 Rhg8 33. h3 Bc8 34. Rxg8 Rxg8+ 35. Kf2 Be5 36. Rh1 Rg6 37. h4 Bxf6 38. h5 Rg4 39. Kf3 Be5 40. Re1 f6 41. Nf2 Rg3+ 42. Ke2 Re3+ 43. Kf1 Rxe1+ 44. Kxe1 Bg3 45. Bg6 Kc7 46. Ke2 Bxf2 47. Kxf2 Bg4 48. Kg3 Bd1 49. Kf4 Kd6 50. c3 dxc3 51. bxc3 Ke6 0-1

[Event "Paracin op"]
[Site "Paracin"]
[Date "2009.08.24"]
[Round "7"]
[White "Ilic, Slobodan S"]
[Black "Bulatovic, Nikola"]
[Result "1/2-1/2"]
[WhiteElo "2199"]
[BlackElo "2111"]
[PlyCount "70"]
[EventDate "2009.08.19"]
[EventType "swiss"]
[EventRounds "9"]
[EventCountry "YUG"]
[SourceTitle "CBM 132 Extra"]
[Source "ChessBase"]
[SourceDate "2009.11.03"]
[SourceVersion "1"]
[SourceVersionDate "2009.11.03"]
[SourceQuality "1"]

1. e4 c5 2. Nf3 a6 3. d3 d6 4. g3 e6 5. Bg2 Be7 6. 0-0 Nc6 7. a4 Qc7 8. Re1 Nf6 9. Nbd2 b6 10. Nf1 Bb7 11. c3 0-0 12. Bd2 Ne5 13. Qc2 b5 14. c4 b4 15. b3 Nxf3+ 16. Bxf3 Nd7 17. Bg2 Bf6 18. Rad1 Ne5 19. Be3 Nc6 20. Nd2 Bc3 21. Rf1 Nd4 22. Bxd4 Bxd4 23. Nf3 Bc3 24. d4 e5 25. dxe5 dxe5 26. Nh4 g6 27. Rd3 Rfd8 28. Rfd1 Kg7 29. Qe2 Bd4 30. Bf3 Rd6 31. Ng2 Rad8 32. Ne3 Bxe3 33. Qxe3 Rxd3 34. Rxd3 Rxd3 35. Qxd3 f6 1/2-1/2

[Event "Paracin op"]
[Site "Paracin"]
[Date "2009.08.20"]
[Round "3"]
[White "Markovic, Marko"]
[Black "Bulatovic, Nikola"]
[Result "1-0"]
[WhiteElo "2312"]
[BlackElo "2111"]
[PlyCount "69"]
[EventDate "2009.08.19"]
[EventType "swiss"]
[EventRounds "9"]
[EventCountry "YUG"]
[SourceTitle "CBM 132 Extra"]
[Source "ChessBase"]
[SourceDate "2009.11.03"]
[SourceVersion "1"]
[SourceVersionDate "2009.11.03"]
[SourceQuality "1"]

1. e4 c5 2. Nc3 a6 3. Nf3 b5 4. d4 Bb7 5. dxc5 e6 6. Be3 b4 7. Na4 Bxe4 8. Nd2 Bc6 9. Nb6 Ra7 10. Ndc4 Nf6 11. Nd6+ Bxd6 12. Qxd6 Rb7 13. Bd3 Qe7 14. Nc8 Qd8 15. Qg3 Kf8 16. Qd6+ Ke8 17. Qg3 Kf8 18. Nd6 Ra7 19. 0-0 Nd5 20. Be4 f6 21. f4 Ba8 22. Rae1 Nc6 23. c3 Nd4 24. cxd4 g6 25. f5 gxf5 26. Bxf5 Rg8 27. Qh3 Rg7 28. Be4 Kg8 29. Qh4 Kh8 30. Rf3 Qg8 31. g3 Rg4 32. Nf7+ Qxf7 33. Qxg4 f5 34. Bxf5 Nf6 35. Be4 1-0

[Event "Belgrade-ch"]
[Site "Belgrade"]
[Date "2009.01.31"]
[Round "8"]
[White "Bulatovic, Nikola"]
[Black "Vujadinovic, Milan"]
[Result "1/2-1/2"]
[WhiteElo "2083"]
[BlackElo "2174"]
[PlyCount "102"]
[EventDate "2009.01.24"]
[EventType "swiss"]
[EventRounds "9"]
[EventCountry "YUG"]
[SourceTitle "CBM 128 Extra"]
[Source "ChessBase"]
[SourceDate "2009.03.05"]
[SourceVersion "2"]
[SourceVersionDate "2009.03.25"]
[SourceQuality "1"]

1. e4 d6 2. d4 Nf6 3. Nc3 Nbd7 4. Nf3 e5 5. Bc4 h6 6. h3 Be7 7. Be3 c6 8. a4 Qc7 9. 0-0 Nf8 10. a5 Rg8 11. Nh2 g5 12. Ng4 Nxg4 13. hxg4 Ng6 14. f3 Bd7 15. d5 Nf4 16. a6 b5 17. dxc6 bxc4 18. cxd7+ Qxd7 19. g3 h5 20. Ra4 Rb8 21. Rxc4 Rxb2 22. gxf4 gxf4 23. Nd5 hxg4 24. Kf2 fxe3+ 25. Kxe3 Bg5+ 26. Kd3 Kf8 27. fxg4 Ra2 28. Nb4 Ra3+ 29. c3 Bf4 30. Rg1 Rh8 31. Qf3 Rh2 32. Rg2 Rxg2 33. Qxg2 Ra1 34. Rc6 Rb1 35. Qc2 Rg1 36. Kc4 Qxg4 37. Rxd6 Rg2 38. Qd1 Re2 39. Qd5 Bg5 40. Rd7 Qxe4+ 41. Qxe4 Rxe4+ 42. Kd5 Re3 43. Rxa7 Rxc3 44. Rb7 Be3 45. a7 Bxa7 46. Rxa7 Kg7 47. Kxe5 Rc1 48. Nd5 Re1+ 49. Kf5 Rb1 50. Nf4 Rb5+ 51. Kg4 Rb4 1/2-1/2

[Event "Belgrade-ch"]
[Site "Belgrade"]
[Date "2009.01.29"]
[Round "6"]
[White "Bulatovic, Nikola"]
[Black "Djurasinov, Branislav"]
[Result "0-1"]
[WhiteElo "2083"]
[BlackElo "2202"]
[PlyCount "119"]
[EventDate "2009.01.24"]
[EventType "swiss"]
[EventRounds "9"]
[EventCountry "YUG"]
[SourceTitle "CBM 128 Extra"]
[Source "ChessBase"]
[SourceDate "2009.03.05"]
[SourceVersion "2"]
[SourceVersionDate "2009.03.25"]
[SourceQuality "1"]

1. e4 g6 2. d4 Bg7 3. Nf3 c6 4. Nc3 d6 5. h3 b6 6. a4 a5 7. Bg5 h6 8. Be3 Ba6 9. Bxa6 Nxa6 10. Ne2 e6 11. c3 Ne7 12. Qd3 Nc7 13. h4 h5 14. Bg5 f6 15. Be3 d5 16. Nf4 Kf7 17. Rh3 Bh6 18. e5 f5 19. Rg3 Qc8 20. Ne2 Qa6 21. Qd2 Bxe3 22. Qxe3 Rag8 23. Nf4 Ke8 24. Ng5 Qc8 25. Ra3 Rg7 26. Rb3 b5 27. axb5 cxb5 28. Qe2 Qd7 29. Ra3 Nc6 30. Nd3 Ke7 31. Nc5 Qc8 32. Qe3 Rhg8 33. Nh3 Na6 34. Qg5+ Ke8 35. Nxa6 Qxa6 36. Nf4 Kd7 37. Qf6 Nd8 38. Nxg6 Rf7 39. Qg5 f4 40. Rf3 Rfg7 41. Nf8+ Kc8 42. Qh6 Rxg2 43. b4 a4 44. Rxf4 Qc6 45. Qxh5 Rg1+ 46. Kd2 Rb1 47. Ng6 Qc4 48. Ne7+ Kb8 49. Nxg8 Qf1 50. Ke3 Qc1+ 51. Kd3 Qf1+ 52. Ke3 Qe1+ 53. Kf3 Qd1+ 54. Kg3 Qxh5 55. Nf6 Qg6+ 56. Rg4 Qd3+ 57. Kf4 Qd2+ 58. Kg3 Rg1+ 59. Kh3 Rxg4 60. Nxg4 0-1

[Event "Belgrade-ch"]
[Site "Belgrade"]
[Date "2009.01.25"]
[Round "2"]
[White "Kocic, Sasa"]
[Black "Bulatovic, Nikola"]
[Result "0-1"]
[WhiteElo "2243"]
[BlackElo "2083"]
[PlyCount "25"]
[EventDate "2009.01.24"]
[EventType "swiss"]
[EventRounds "9"]
[EventCountry "YUG"]
[SourceTitle "CBM 128 Extra"]
[Source "ChessBase"]
[SourceDate "2009.03.05"]
[SourceVersion "2"]
[SourceVersionDate "2009.03.25"]
[SourceQuality "1"]

1. Nf3 Nf6 2. d4 c5 3. c3 e6 4. Bf4 d5 5. e3 Nc6 6. Bd3 Be7 7. h3 b6 8. 0-0 0-0 9. Nbd2 a5 10. Qe2 cxd4 11. cxd4 Bd6 12. Bxd6 Qxd6 13. Rfc1 0-1